<?xml version="1.0" encoding="UTF-8"?>
<record
    xmlns:xsi="http://www.w3.org/2001/XMLSchema-instance"
    xsi:schemaLocation="http://www.loc.gov/MARC21/slim http://www.loc.gov/standards/marcxml/schema/MARC21slim.xsd"
    xmlns="http://www.loc.gov/MARC21/slim">

  <leader>00869nam a22002537a 4500</leader>
  <controlfield tag="001">6729</controlfield>
  <controlfield tag="003">FISKH</controlfield>
  <controlfield tag="005">20250523102052.0</controlfield>
  <controlfield tag="008">250523b        cb ||||| |||| 00| 0 eng d</controlfield>
  <datafield tag="020" ind1=" " ind2=" ">
    <subfield code="a">9780859531351</subfield>
  </datafield>
  <datafield tag="040" ind1=" " ind2=" ">
    <subfield code="a">FISKH</subfield>
    <subfield code="b">eng</subfield>
    <subfield code="c">FISKH</subfield>
    <subfield code="d">FISKH</subfield>
  </datafield>
  <datafield tag="050" ind1=" " ind2=" ">
    <subfield code="a">PZ8 .O42</subfield>
  </datafield>
  <datafield tag="082" ind1=" " ind2=" ">
    <subfield code="a">782.421621300268</subfield>
  </datafield>
  <datafield tag="100" ind1=" " ind2=" ">
    <subfield code="a">Anonymous </subfield>
  </datafield>
  <datafield tag="245" ind1=" " ind2=" ">
    <subfield code="a">Old Macdonald had a farm /</subfield>
    <subfield code="c">illustrated by Pam Adams</subfield>
  </datafield>
  <datafield tag="260" ind1=" " ind2=" ">
    <subfield code="a">Sydney : </subfield>
    <subfield code="b">Child's Play, </subfield>
    <subfield code="c">1975. </subfield>
  </datafield>
  <datafield tag="300" ind1=" " ind2=" ">
    <subfield code="a">16 unnumbered pages : </subfield>
    <subfield code="b">color illustrations ; </subfield>
    <subfield code="c">21 cm </subfield>
  </datafield>
  <datafield tag="505" ind1=" " ind2=" ">
    <subfield code="a">NP
</subfield>
  </datafield>
  <datafield tag="520" ind1=" " ind2=" ">
    <subfield code="a">An illustrated version of the traditional song describing the inhabitants of Old Macdonald's farm. Some pages are die-cut, permitting a portion of the next illustration to be seen.</subfield>
  </datafield>
  <datafield tag="650" ind1=" " ind2=" ">
    <subfield code="a">Farm Animals </subfield>
    <subfield code="v">Music - Songs</subfield>
  </datafield>
  <datafield tag="700" ind1=" " ind2=" ">
    <subfield code="a">Adams, Pam </subfield>
    <subfield code="e">illustrator </subfield>
  </datafield>
  <datafield tag="942" ind1=" " ind2=" ">
    <subfield code="2">ddc</subfield>
    <subfield code="c">BK</subfield>
    <subfield code="n">0</subfield>
  </datafield>
  <datafield tag="999" ind1=" " ind2=" ">
    <subfield code="c">6729</subfield>
    <subfield code="d">6729</subfield>
  </datafield>
  <datafield tag="952" ind1=" " ind2=" ">
    <subfield code="0">0</subfield>
    <subfield code="1">0</subfield>
    <subfield code="2">ddc</subfield>
    <subfield code="4">0</subfield>
    <subfield code="7">0</subfield>
    <subfield code="8">JUVF</subfield>
    <subfield code="a">001</subfield>
    <subfield code="b">001</subfield>
    <subfield code="c">TK Green 7-57-60</subfield>
    <subfield code="d">2025-05-23</subfield>
    <subfield code="l">1</subfield>
    <subfield code="o">ANO 782.421621300268 PZ8 .O42 </subfield>
    <subfield code="p">FISTK02661</subfield>
    <subfield code="r">2026-01-14 10:09:01</subfield>
    <subfield code="s">2025-11-11</subfield>
    <subfield code="t">1</subfield>
    <subfield code="w">2025-05-23</subfield>
    <subfield code="y">BK</subfield>
  </datafield>
</record>
